000 00688nam a2200181 a 4500
001 000020519
005 20200930011125.0
008 100322s1976 cu 001 0 spa d
040 _aDO-SdBNP
_bspa
_cBNPHU
082 _axxxx
_bxxxx
100 1 _aChubarian, O. S.
_943235
245 1 0 _aBibliotecología general /
_cO. S. Chubarian ; traducción Antonia Tristá Pérez.
260 _aLa Habana, Cuba :
_bMinisterio de Cultura
_bCientífico-Técnica,
_c[1976].
300 _a367 p. ;
_c21 cm.
500 _aEdición realizada con autorización del Centro Nacional de Derecho de Autor de la República de Cuba.
500 _aIncluye índice
700 1 _aTristá Pérez, Antonia
_etrad.
_943236
999 _c20023
_d20023